Курс Delphi для начинающих. Полигон нестандартных задач

Dades bibliogràfiques
Autor principal: Ремнев А. А. Анатолий Александрович
Altres autors: Федотова С. В. Светлана Владимировна
Sumari:Рекомендовано Окружным методическим центром СЗУО г. Москвы министерства РФ
Книга написана на основе лекционных курсов раздела «Информатика и ИКТ. Алгоритмизация и визуальное программирование», проводимых в рамках проекта «Обучающие сетевые олимпиады» (ОСО-2006). Проект ОСО-2005 является номинантом международного конкурса «ИТ-образование в Рунете» (<http://ict.edu.ru/konkurs>). Курс программирования предполагает последовательное изучение материала от простого к сложному. Большая часть материалов книги посвящена разбору и решению практических задач. Все примеры программ, а также дополнительная информация методического плана представлены на компакт-диске пособия. Книга будет полезна широкому кругу читателей — студентам вузов, учащимся лицеев, колледжей, школьникам. Особый интерес она вызовет у преподавателей информатики благодаря строго структурированному системному подходу в изложении материала, а также включению в рассмотрение методологии поисково-деятельностных образовательных технологий проблемного обучения, таких как: исследование, проект или проектно-исследовательская деятельность, решение олимпиадных задач. Поэтому книга может использоваться в качестве учебного пособия для самостоятельного изучения или как подробное методическое руководство. К книге прилагается компакт-диск с обширной подборкой примеров и обучающих презентаций.
Idioma:rus
Publicat: Москва, СОЛОН-Пресс, 2006
Col·lecció:Дистанционное обучение
Matèries:
Format: MixedMaterials
KOHA link:https://koha.lib.tpu.ru/cgi-bin/koha/opac-detail.pl?biblionumber=64916

MARC

LEADER 00000nmm0a2200000 4500
001 64916
005 20231031070039.0
010 |a 598003241X 
035 |a (RuTPU)RU\TPU\book\68920 
090 |a 64916 
100 |a 20040610d2006 m y0rusy50 ca 
101 0 |a rus 
102 |a RU 
105 |a a j 001zy 
200 1 |a Курс Delphi для начинающих. Полигон нестандартных задач  |f А. А. Ремнев, С. В. Федотова 
210 |a Москва  |c СОЛОН-Пресс  |d 2006 
215 |a 360 с.  |c ил.  |e Приложение: CD-ROM 
225 1 |a Дистанционное обучение 
300 |a Рекомендовано Окружным методическим центром СЗУО г. Москвы министерства РФ 
320 |a Библиогр.: с. 349-350. 
330 |a Книга написана на основе лекционных курсов раздела «Информатика и ИКТ. Алгоритмизация и визуальное программирование», проводимых в рамках проекта «Обучающие сетевые олимпиады» (ОСО-2006). Проект ОСО-2005 является номинантом международного конкурса «ИТ-образование в Рунете» (<http://ict.edu.ru/konkurs>). Курс программирования предполагает последовательное изучение материала от простого к сложному. Большая часть материалов книги посвящена разбору и решению практических задач. Все примеры программ, а также дополнительная информация методического плана представлены на компакт-диске пособия. Книга будет полезна широкому кругу читателей — студентам вузов, учащимся лицеев, колледжей, школьникам. Особый интерес она вызовет у преподавателей информатики благодаря строго структурированному системному подходу в изложении материала, а также включению в рассмотрение методологии поисково-деятельностных образовательных технологий проблемного обучения, таких как: исследование, проект или проектно-исследовательская деятельность, решение олимпиадных задач. Поэтому книга может использоваться в качестве учебного пособия для самостоятельного изучения или как подробное методическое руководство. К книге прилагается компакт-диск с обширной подборкой примеров и обучающих презентаций. 
610 1 |a программирование 
610 1 |a линейные алгоритмы 
610 1 |a вычисления 
610 1 |a условные алгоритмы 
610 1 |a модификация 
610 1 |a итерационные алгоритмы 
610 1 |a массивы 
610 1 |a графические задачи 
610 1 |a графические изображения 
610 1 |a языки программирования 
610 1 |a среда программирования 
610 1 |a учебные пособия 
610 1 |a дистанционное обучение 
610 1 |a CD-ROM 
610 1 |a Delphi 
675 |a 681.3.066(07)  |v 3 
700 1 |a Ремнев  |b А. А.  |g Анатолий Александрович 
701 1 |a Федотова  |b С. В.  |g Светлана Владимировна 
801 1 |a RU  |b 63413507  |c 20040610  |g PSBO 
801 2 |a RU  |b 63413507  |c 20190114  |g PSBO 
942 |c MX